| 000 | 00392nam a2200133Ia 4500 | ||
|---|---|---|---|
| 008 | 210210b1978 xxu||||| |||| 00| 0 eng d | ||
| 082 | _a370.15 SEKP | ||
| 100 | _aSEKHAR (Sulochana) and ADISESHIAH (W T V). | ||
| 245 | _aPsychological foundations of education. | ||
| 260 |
_aCoimbatore. _bStudent Service Centre., _c1978 |
||
| 300 | _a232 | ||
| 690 | _aEducational Psychology | ||
| 906 | _a036710 | ||
| 999 |
_c87158 _d87158 |
||